Recent paintings by Jacob Collins (Record no. 4900)

MARC details
000 - LÍDER
campo de control de longitud fija 00732nam a2200193Ia 4500
008 - ELEMENTOS DE DATOS DE LONGITUD FIJA - INFORMACIÓN GENERAL
campo de control de longitud fija 0000001998 usa 0000000000eng00
090 ## - NÚMERO DE LLAMADA DE TIPO LC LOCALMENTE ASIGNADO (OCLC)
Número de clasificación (OCLC) (R) PUS00 C64r
100 1# - ENTRADA PRINCIPAL - NOMBRE PERSONAL
Nombre de la persona Collins, Jacob
Fechas asociadas a un nombre 1964
245 10 - TÍTULO DECLARACIÓN
Título Recent paintings by Jacob Collins
260 ## - PUBLICACIÓN, DISTRIBUCIÓN
Lugar de publicación New York : Spanierman Gallery
Fecha de publicación 1998
300 ## - DESCRIPCIÓN FÍSICA
Alcance 1 plegable [14] p.
Dimensiones / 14 cm.
500 ## - NOTA GENERAL
Nota general Exposición realizada en Spanierman Gallery, New York, Diciembre 531, 1998 \ Con el patronazgo del maestro venezolano Jesús Rafael Soto (q.e.p.d.)
600 00 - ENTRADA DE SUJETO AÑADIDO - NOMBRE PERSONAL
Nombre de la persona COLLINS, JACOB, 1964/
Subdivisión general TRABAJOS PICTORICOS
650 14 - ENTRADA DE SUJETO AÑADIDO - TÉRMINO TÓPICO
Subdivisión general CATALOGOS
650 14 - ENTRADA DE SUJETO AÑADIDO - TÉRMINO TÓPICO
Subdivisión general EXPOSICIONES
650 14 - ENTRADA DE SUJETO AÑADIDO - TÉRMINO TÓPICO
Término tópico o elemento de entrada del nombre geográfico PINTORES ESTADOUNIDENSES
650 14 - ENTRADA DE SUJETO AÑADIDO - TÉRMINO TÓPICO
Término tópico o elemento de entrada del nombre geográfico PINTURA ESTADOUNIDENSE
650 14 - ENTRADA DE SUJETO AÑADIDO - TÉRMINO TÓPICO
Término tópico o elemento de entrada del nombre geográfico REALISMO EN EL ARTE
Holdings
Estado de retirada Pérdida de estatus Estado dañado No para préstamo Código de recogida Ubicación permanente Ubicación actual Ubicación de las estanterías Fecha de adquisición Número de llamada completo Código de barras Fecha de la última vez que se vio Número de copia Precio efectivo desde Tipo de artículo Koha
        General ArtNexus ArtNexus General 06/09/2022 P-US-00 C64R 4904 06/09/2022 Ej.1 06/09/2022 Libro

Powered by Koha